Central Library OPAC University of Rajshahi

Quantum mechanics, (Record no. 74754)

MARC details
000 -LEADER
fixed length control field 00757nam a22002531 4500
001 - CONTROL NUMBER
control field 74754
003 - CONTROL NUMBER IDENTIFIER
rucl marc code BD-RjUL
005 - DATE AND TIME OF LATEST TRANSACTION
control field 20211209082609.0
008 - FIXED-LENGTH DATA ELEMENTS--GENERAL INFORMATION
fixed length control field 181129s1961 maua b 000 0 eng
035 ## - SYSTEM CONTROL NUMBER
System control number (BD-RjUL)74972
040 ## - CATALOGING SOURCE
Original cataloging agency DLC/ICU
Transcribing agency ICU
Modifying agency DLC
-- BD-RjUL
Language of cataloging eng
041 ## - LANGUAGE CODE
Language code of text/sound track or separate title eng
082 00 - DEWEY DECIMAL CLASSIFICATION NUMBER
Edition number 23
Classification number 530.12
Author mark and year POQ 1961
100 1# - MAIN ENTRY--PERSONAL NAME
Personal name Powell, John L.
Fuller form of name (John Leonard),
Dates associated with a name 1919-
9 (RLIN) 225417
245 00 - TITLE STATEMENT
Title Quantum mechanics,
Statement of responsibility, etc. by John L. Powell and Bernd Crasemann.
260 ## - PUBLICATION, DISTRIBUTION, ETC. (IMPRINT)
Place of publication, distribution, etc. Reading, Mass.:
Name of publisher, distributor, etc. Addison-Wesley Pub. Co.
Date of publication, distribution, etc. c1961
300 ## - PHYSICAL DESCRIPTION
Pagination 495 p.
Illustrations ill.;
Size 24 cm.
504 ## - BIBLIOGRAPHY, ETC. NOTE
Bibliography, etc Includes bibliography.
650 #0 - SUBJECT ADDED ENTRY--TOPICAL TERM
Topical term or geographic name as entry element Quantum theory.
9 (RLIN) 225418
700 1# - ADDED ENTRY--PERSONAL NAME
Personal name Crasemann, Bernd,
942 ## - ADDED ENTRY ELEMENTS (KOHA)
Source of classification or shelving scheme Dewey Decimal Classification
Koha item type Books
Holdings
Lost status Source of classification or shelving scheme Damaged status Not for loan Collection code Permanent Location Current Location Shelving location Date acquired Source of acquisition Cost, normal purchase price Total Checkouts Full call number Date last seen Copy number Koha item type
  Dewey Decimal Classification   Not For Loan Non-fiction Central Library, University of Rajshahi Central Library, University of Rajshahi Reading Room 11/02/1963 Zeitlinger 74.00   530.12 POQ 1961 29/11/2018 C-1 Books